000 00756nam a22002055i 4500
001 98815
003 ES-MaACL
005 20250824074917.0
007 t|
008 950918s1897 sp ||||1| spa d
040 _aCAM
_bspa
_cCAM
100 1 _aEchegaray, José,
_d1832-1916
_946526
245 1 3 _aLa calumnia por castigo
_b: drama en prosa, en tres actos y un prólogo /
_coriginal de José Echegaray.
260 _aMadrid :
_bFlorencio Fiscowich,
_c1897 (
_fImpr. Sucesores de Rodríguez y Odriózola)
300 _a102 p. ;
_c20 cm.
490 1 _aEl Teatro: colección de obras dramáticas y líricas
830 0 3 _aEl teatro: colección de obras dramática y líricas
_9221753
852 _aES-MaACL
_jB-3101(4)
999 _c98815
_d98815